Visualizzazione normale
Vista MARC
- Tonni, Raffaele
di Personal Name
Records bibliografici associati: 2
001 - CONTROL NUMBER
- control field: 452
003 - CONTROL NUMBER IDENTIFIER
- control field: IT-RoPau
005 - DATE AND TIME OF LATEST TRANSACTION
- control field: 20130228094617.0
008 - FIXED-LENGTH DATA ELEMENTS
- fixed length control field: 130228|| aca||aabn | a|a d
040 ## - CATALOGING SOURCE
- Original cataloging agency: IT-RoPau
- Transcribing agency: IT-RoPau
100 ## - HEADING--PERSONAL NAME
- Personal name: Tonni, Raffaele
670 ## - SOURCE DATA FOUND
- Source citation: Work cat.: (IT-RoPau): Tonni, Raffaele, Letttera ai Fratelli della Provincia Italia, 21/02/1978, 21/02/1978